Etické kódexy vo verejnej správe na Slovensku

Objasnenie vzťahu etiky a práva, ktorý sa premieta do života spoločnosti prostredníctvom normy - etického kódexu. Etika a právo ako normatívne systémy. Etické kódexy vo verejnej správe na Slovensku.

Salvato in:
Dettagli Bibliografici
Autore principale: Geffert, Richard
Natura: Capitolo di libro
Lingua:slovacco
Soggetti:
Tags: Aggiungi Tag
Nessun Tag, puoi essere il primo ad aggiungerne!!

MARC

LEADER 00000naa$a2200000$$$4500
001 0059689
005 20230918071323.9
041 0 |a slo 
044 |a SK 
245 1 0 |a Etické kódexy vo verejnej správe na Slovensku  |c Richard Geffert 
520 |a Objasnenie vzťahu etiky a práva, ktorý sa premieta do života spoločnosti prostredníctvom normy - etického kódexu. Etika a právo ako normatívne systémy. Etické kódexy vo verejnej správe na Slovensku. 
610 2 0 |a etika 
610 2 0 |a kódexy etické 
610 2 0 |a normy etické 
610 2 0 |a správa verejná 
610 2 0 |a Slovensko 
100 1 |a Geffert, Richard